Tales from Ramayana: (Record no. 30083)

MARC details
000 -LEADER
fixed length control field 00841nam a22002297a 4500
005 - DATE AND TIME OF LATEST TRANSACTION
control field 20090905153940.0
008 - FIXED-LENGTH DATA ELEMENTS--GENERAL INFORMATION
fixed length control field 090904t xxu||||| |||| 00| 0 eng d
010 ## - LCCN (DPL NO)
LC control number B-357044
020 ## - INTERNATIONAL STANDARD BOOK NUMBER
Terms of availability 45.00
International Standard Book Number 9788171873364
035 ## - SYSTEM CONTROL NUMBER
System control number B-357044
037 ## - SOURCE OF ACQUISITION
Source of stock number/acquisition DBAD / PUB
040 ## - CATALOGING SOURCE
Original cataloging agency dpl
Language of cataloging English
082 ## - DEWEY DECIMAL CLASSIFICATION NUMBER
Classification number S
245 ## - TITLE STATEMENT
Title Tales from Ramayana:
Statement of responsibility, etc compiled by H.G. Sadhana Sidh Das
Remainder of title victory of righteousness over evil /
260 ## - PUBLICATION, DISTRIBUTION, ETC. (IMPRINT)
Place of publication, distribution, etc New Delh
Name of publisher, distributor, etc Book Palace
Date of publication, distribution, etc 2009
270 ## - ADDRESS
Address 4598/12-B, Ansari Road, Daryaganj
City New Delhi
Postal code 110002
300 ## - PHYSICAL DESCRIPTION
Extent 136p. :
Dimensions 18cm(pbk)
Other physical details col. ill.
650 ## - SUBJECT ADDED ENTRY--TOPICAL TERM
Topical term or geographic name as entry element Tales
Geographic subdivision India
700 ## - ADDED ENTRY--PERSONAL NAME
Personal name Das, H.G. Sadhana Sidh
942 ## - ADDED ENTRY ELEMENTS (KOHA)
Source of classification or shelving scheme Dewey Decimal Classification
Item type Children Books
Classification part S
Call number suffix TAL
Holdings
Withdrawn status Lost status Source of classification or shelving scheme Damaged status Not for loan Collection code Home library Current library Date acquired Source of acquisition Cost, normal purchase price Total Checkouts Full call number Barcode Date last seen Copy number Cost, replacement price Koha item type
  Written-off vide DLB M. No. 383 dt 16.05.19 Dewey Decimal Classification     Fiction Janak Puri Janak Puri 05/09/2009 DBAD / PUB 45.00 9 S TAL B-357044 27/06/2018 1 45.00 Children Books

© Delhi Public Library
Hit Counter
free hit counter